000
00259nam a2200109Ia 4500
008
190216s9999||||xx |||||||||||||| ||und||
100
_a
Vaswani T A
245
0
_a
Banker And The Balance Sheet
260
_b
Lalvani Pub House
_c
1967
300
_a
247p
942
_c
BK
999
_c
4356
_d
4356